Basheerinu ummini balya oru page/ (Record no. 4192)

000 -LEADER
fixed length control field 00454nam a22001691a 4500
020 ## - INTERNATIONAL STANDARD BOOK NUMBER
ISBN 9788126425396
082 ## - DEWEY DECIMAL CLASSIFICATION NUMBER
Classification number M803
Item number RAT/B
100 ## - MAIN ENTRY--AUTHOR NAME
Personal name Rathnakaran Mangad
245 ## - TITLE STATEMENT
Title Basheerinu ummini balya oru page/
Statement of responsibility, etc by Rathnakaran Mangad
260 ## - PUBLICATION, DISTRIBUTION, ETC. (IMPRINT)
Place of publication Kottayam:
Name of publisher D C Books,
Year of publication 2009.
300 ## - PHYSICAL DESCRIPTION
Number of Pages 188p.
650 ## - SUBJECT ADDED ENTRY--TOPICAL TERM
Topical Term Memoirs Malayalam Literary Persons
650 ## - SUBJECT ADDED ENTRY--TOPICAL TERM
Topical Term Memoirs Malayalam
650 ## - SUBJECT ADDED ENTRY--TOPICAL TERM
Topical Term Literature Malayalam
650 ## - SUBJECT ADDED ENTRY--TOPICAL TERM
Topical Term Literature
942 ## - ADDED ENTRY ELEMENTS (KOHA)
Koha item type Book
Holdings
Withdrawn status Lost status Damaged status Not for loan Permanent Location Current Location Date acquired Cost, normal purchase price Full call number Accession Number Cost, replacement price Price effective from Koha item type Shelving location
        Sree Sankaracharya University of Sanskrit Sree Sankaracharya University of Sanskrit 08.01.2015 95.00 M803 RAT/B 061920 0.00 08.01.2015 Book  
        Sree Sankaracharya University of Sanskrit Sree Sankaracharya University of Sanskrit 25.03.2025 95.00 M803 RAT/B 104609   25.03.2025 Book Stacks